Capacités dans Pokémon - Mort subite - Statistiques

Statistiques générales
  • Ce quiz a été pris 158 fois
  • Le résultat moyen est 11 sur 20
Answers on the Grid
Answers color-coded by a green-red scale on the quiz's grid according to % correct below.
Dark Lariat
Flèche Archéonique
Champ Herbu
Rayon Noir
Tension
Électacle
Onde Originelle
Tranche-Nuit
Flambage Shot
Vent Violent
Contrôle du Chaos
Tir de Boue
Aile de Pigeon
Draco-Météore
Conversion
Tornade de Feu
Feuillage
Lance de Glace
Expelliarmus
Coupe Claire
Hydromax
Polymérisation
Hache Dorée
Dynamite
Regard Touchant
Omnifrappe
Zone Magique
Combo-Griffe
Laser Zéro
Triple Axel
Incinération
Danse Lames
Plasma-Choc
Genkidama
Sheauriken
Howitzer Impact
Coup Croix
Champlification
Tir Nova
Attaque Rodéo
 
Statistiques - réponses
Réponse % Correct
Tir de Boue
78%
Tranche-Nuit
77%
Dark Lariat
73%
Vent Violent
70%
Électacle
67%
Draco-Météore
65%
Combo-Griffe
63%
Champ Herbu
61%
Danse Lames
61%
Regard Touchant
58%
Onde Originelle
53%
Feuillage
51%
Coup Croix
46%
Hydromax
45%
Sheauriken
44%
Triple Axel
41%
Conversion
36%
Zone Magique
35%
Lance de Glace
31%
Champlification
13%
Aucun quiz correspondant
Distribution des résultats
% des personnes avec chaque résultat
Percentile par nombre de réponses
Votre historique - résultats
Vous n’avez pas pris ce quiz